明朝年号 - Statistics

General Stats
  • This quiz has been taken 2 078 times
  • The average score is 10 of 17
Answer Stats
年份 Answer % Correct
1368-1399 洪武
94%
1403-1425 永乐
88%
1628-1644 崇祯
82%
1522-1567 嘉靖
81%
1573-1620 万历
80%
1399-1402 建文
66%
1621-1628 天启
62%
1450-1457 景泰
55%
1426-1436 宣德
52%
1465-1488 成化
52%
1436-1450 正统
50%
1506-1522 正德
48%
1567-1573 隆庆
47%
1425-1426 洪熙
41%
1457-1465 天顺
35%
1488-1506 弘治
34%
1620-1621 泰昌
28%
No matching quizzes found
Score Distribution
Percent of People with Each Score
Percentile by Number Answered
Your Score History
You have not taken this quiz